000 00553nam a2200217 a 4500
999 _c5414
_d5414
001 5414
003 BD-JhCC
005 20171218114827.0
008 171213s2000 ii ||||| |||| 001 0 eng d
035 _a(BD-JhCC)
040 _aBD-JhCC
_dBD-JhCC
041 _aeng
082 _a613
_bPAR 2000
100 _aK. Park
245 _aPark's Textbook of Preventive and Social Medicing /
_cK. Park
250 _a16th ed.
260 _aIndia :
_bM/s Banarsidas Bhanot,
_c2000
300 _a655 p. :
_c30cm.
650 _aMedicine Preventive
942 _2ddc
_cBK